| 000 | 01036nam a2200217Ia 4500 | ||
|---|---|---|---|
| 003 | Ost | ||
| 005 | 20260507075311.0 | ||
| 008 | 260507s9999||||xx |||||||||||||| ||und|| | ||
| 040 | _cfsecg | ||
| 041 | _aara | ||
| 082 | _a330 | ||
| 100 |
_aبدوي، محمد عباس _eمؤلف |
||
| 245 | 0 |
_aالمحاسبة و تحليل القوائم المالية / _c محمد عباس بدوي |
|
| 260 |
_aالازريطة: _bالمكتب الجامعي الحديث, _c[دون تاريخ] |
||
| 300 |
_a416 صفحة؛ _bإيضاحات ؛ _c25 سم |
||
| 504 | _a(اقتناءات 2014 3ن) | ||
| 520 | _aطبيعة المحاسبة كنظام للمعلومات و تشغيل النظام المحاسبي ، المحاسبة في المشروع التجاري والمشروع الصناعي و أخيرا استقراء و تحليل القوائم المالية مع وجود أسئلة و تطبيقات في نهاية كل فصل . | ||
| 653 | _aالتحليل المالي | ||
| 653 | _aالمحاسبة | ||
| 942 | _cكتاب | ||
| 999 |
_c43868 _d43868 |
||